02506cam a22003255a 45000010009000000050017000090080041000260200018000670200015000850400038001000820023001381300045001612450147002062500012003532600054003653000034004195000145004535040051005985050743006495200403013926500052017956500038018476510010018856530023018956550021019187000057019399420008019969990017020049520159020211862171420180128104616.0150518t2016 maua frb 001 0 eng d a9781284089837 a1284089835 aDNLM/DLCcDLCdDLCdEG-ScBUEbeng04a610.73068222bPRO0 aProject planning and management (Harris)10aProject planning and management :ba guide for nurses and interprofessional teams /c[edited by] James Harris ... [et al.] . a2nd ed. aBurlington :bJones & Bartlett Learning,cc.2016. axiv, 261 p. :bill. ;c23 cm. aPreceded by: Project planning and management : a guide for CNLs, DNPs, and nurse executives / edited by James L. Harris ... [et al.]. c2011. aIncludes bibliographical references and index.0 aKey foundations of successful project planning and management -- Differentiating quality improvement projects and quality improvement research -- The institutional review board process -- Synergistic interprofessional teams : essential drivers of patient-centered care -- Managing the interprofessional project team -- Making the case for a project : needs assessment -- Using findings from the clinical needs assessment to develop, implement, and manage sustainable projects -- Role of information technology in project planning and management -- Developing metrics which support projects and programs -- Measuring the value within organization and healthcare systems -- Disseminating results of meaningful projects and their management. a"Project Planning and Management: A Guide for Nurses and Interprofessional Teams, Second Edition serves as a primary resource for students developing and implementing clinical projects as a requirement for course completion. Additionally, the text also serves as a guide for faculty and preceptors who assist students in identifying clinical and management gaps as well as in initiating projects"-- 7aNursing servicesxAdministration.2BUEsh932499 7aProject management.2BUEsh911664 2BUEsh bNNURcDecember2016 vText book9337281 aHarris, James L.q(James Leonard),d1956- ,eeditor. 2ddc c23433d23405 00102ddc40708BaccahaMAINbMAINc1STd2016-12-04ePurchaseg532.00h25145l2m4o610.73068 PROp000040247r2025-07-15 00:00:00s2021-01-20v665.00yBB